La conquête de Prague
Guardado en:
| Hovedforfatter: | |
|---|---|
| Format: | Bog |
| Sprog: | Undetermined |
| Udgivet: |
Bruxelles, Belgique
Ediciones Labor
1986
|
| Fag: | |
| Tags: |
Tilføj Tag
Ingen Tags, Vær først til at tagge denne postø!
|
MARC
| LEADER | 00000nam a2200000Ia 4500 | ||
|---|---|---|---|
| 008 | 170316s9999 xx 000 0 und d | ||
| 040 | |a cru BVZT | ||
| 090 | |a 840 L-7.1c | ||
| 100 | |a Linze, Jacques - Gérard | ||
| 245 | |a La conquête de Prague | ||
| 260 | |a Bruxelles, Belgique | ||
| 260 | |b Ediciones Labor | ||
| 260 | |c 1986 | ||
| 300 | |a 214 páginas | ||
| 650 | |a LITERATURA FRANCESA | ||
| 650 | |a EN IDIOMA FRANCÉS | ||
| 650 | |a NOVELA | ||
| 999 | |c 7769 |d 7769 | ||
| 942 | |c 15 D |h 840 L-7.1c |2 z | ||
